EG (Record no. 79232)

MARC details
000 -LEADER
fixed length control field 01215cab a22002415a 4500
001 - CONTROL NUMBER
control field L140205
008 - FIXED-LENGTH DATA ELEMENTS--GENERAL INFORMATION
fixed length control field 070912e20070908xxko f 000 0 eng d
035 ## - SYSTEM CONTROL NUMBER
System control number (Sirsi) u140205
041 0# - LANGUAGE CODE
Language code of text/sound track or separate title eng
100 1# - MAIN ENTRY--PERSONAL NAME
Personal name Neale, Jon
245 00 - TITLE STATEMENT
Title EG
Remainder of title offices
260 ## - PUBLICATION, DISTRIBUTION, ETC.
Date of publication, distribution, etc. 2007
490 ## - SERIES STATEMENT
Series statement Estates Gazette
Volume/sequential designation (0736) 8 September 2007, 109-129(16)
520 ## - SUMMARY, ETC.
Summary, etc. Questions the relevance of the British Council of Offices within the marketplace. Their latest design standards were published in 2005. Agents and architects are already claiming that they are outdated. Examines the market effects of the emerging trend for councils to move out of their traditional premises. Reports on changes in the perception of the serviced office, driven by demand for flexibility. Presents a panel's opinions on the level of service provided to European office occupiers. Presents data on office tower developments from around the world.
590 ## - LOCAL NOTE (RLIN)
Local note KA
651 #4 - SUBJECT ADDED ENTRY--GEOGRAPHIC NAME
Geographic name International
690 ## - LOCAL SUBJECT ADDED ENTRY--TOPICAL TERM (OCLC, RLIN)
Topical term or geographic name as entry element PROPERTY-COMMERCIAL PROPERTY-OFFICE PROPERTY-OFFICES
690 ## - LOCAL SUBJECT ADDED ENTRY--TOPICAL TERM (OCLC, RLIN)
Topical term or geographic name as entry element PROPERTY-COMMERCIAL PROPERTY-COMMERCIAL PROPERTY MARKET
700 1# - ADDED ENTRY--PERSONAL NAME
Personal name Harris, David
700 1# - ADDED ENTRY--PERSONAL NAME
Personal name Kivlehan, Noella Pio
710 2# - ADDED ENTRY--CORPORATE NAME
Corporate name or jurisdiction name as entry element Estates Gazette
9 (RLIN) 298
942 ## - ADDED ENTRY ELEMENTS (KOHA)
Suppress in OPAC 0
Holdings
Withdrawn status Lost status Source of classification or shelving scheme Damaged status Not for loan Home library Current library Shelving location Date acquired Total Checkouts Full call number Barcode Date last seen Copy number Price effective from Koha item type
    Dewey Decimal Classification     London London Journal article 12/09/2007   L140205 140205-1001 06/08/2019 1 06/08/2019 Journal article